Proposals for assisted areas. (Record no. 61253)
[ view plain ]
| 000 -LEADER | |
|---|---|
| fixed length control field | 00985cam a2200205 4500 |
| 001 - CONTROL NUMBER | |
| control field | WB3528-17 |
| 008 - FIXED-LENGTH DATA ELEMENTS--GENERAL INFORMATION | |
| fixed length control field | 000000n1999 000 0 eng u |
| 035 ## - SYSTEM CONTROL NUMBER | |
| System control number | (Sirsi) u102163 |
| 245 ## - TITLE STATEMENT | |
| Title | Proposals for assisted areas. |
| 260 ## - PUBLICATION, DISTRIBUTION, ETC. | |
| Date of publication, distribution, etc. | 1999 |
| 490 ## - SERIES STATEMENT | |
| Series statement | DTI Press Notice |
| Volume/sequential designation | (612) 15 July 1999 (2) |
| 520 ## - SUMMARY, ETC. | |
| Summary, etc. | The government has announced the revised Assisted Areas Map, which sets out the areas of Great Britain which will qualify for regional investment grants to help industry. Four areas will get Tier One assistance offering grants of up to 40% on investment and EU Objective One status: Cornwall, Merseyside, South Yorkshire and West Wales & the Valleys. There will be a new third tier of Enterprise grant areas in England, and £45m dedicated to small businesses over the next three years. |
| 650 ## - SUBJECT ADDED ENTRY--TOPICAL TERM | |
| Topical term or geographic name entry element | ASSISTED AREAS |
| 650 ## - SUBJECT ADDED ENTRY--TOPICAL TERM | |
| Topical term or geographic name entry element | CORNWALL |
| 650 ## - SUBJECT ADDED ENTRY--TOPICAL TERM | |
| Topical term or geographic name entry element | MERSEYSIDE |
| 650 ## - SUBJECT ADDED ENTRY--TOPICAL TERM | |
| Topical term or geographic name entry element | SOUTH YORKSHIRE |
| 650 ## - SUBJECT ADDED ENTRY--TOPICAL TERM | |
| Topical term or geographic name entry element | WEST WALES |
| 690 ## - LOCAL SUBJECT ADDED ENTRY--TOPICAL TERM (OCLC, RLIN) | |
| Topical term or geographic name as entry element | ECONOMIC AND SOCIAL |
| 942 ## - ADDED ENTRY ELEMENTS (KOHA) | |
| Suppress in OPAC | 0 |
| Withdrawn status | Lost status | Source of classification or shelving scheme | Damaged status | Not for loan | Home library | Current library | Shelving location | Date acquired | Total Checkouts | Full call number | Barcode | Date last seen | Copy number | Price effective from | Koha item type |
|---|---|---|---|---|---|---|---|---|---|---|---|---|---|---|---|
| Dewey Decimal Classification | London | London | News article | 16/11/1999 | WB3528-17 | 102163-1001 | 06/08/2019 | 1 | 06/08/2019 | News article |